000 00423nam a2200133Ia 4500
008 170221s9999 xx 000 0 und d
245 _aEditorial: Fostering Communication Skills of Language and Literacy in the Classroom
260 _bThe Open Communication Journal
260 _c2015
300 _a9 :
650 _xCommunication
650 _xMedia Arts
856 _uhttps://benthamopen.com/TOCOMMJ/VOLUME/9/ISSUE/001/
999 _c307008
_d307008